| 000 | 01437nam a2200385 a 4500 | ||
|---|---|---|---|
| 001 | 000005412 | ||
| 003 | DO-SdBNP | ||
| 005 | 20180214101358.0 | ||
| 007 | 000005412 | ||
| 008 | 090819s2007 dr acd 000 0 spa d | ||
| 020 | _a9945852256 | ||
| 040 |
_aBPMSU _bspa _cBPMSU |
||
| 049 | _aBNPD | ||
| 092 |
_a307.72 _bD331r |
||
| 100 | 1 | _aDel Rosario, Pedro Juan | |
| 245 | 1 | 3 |
_aLa ruralidad dominicana : _breflexiones para la lucha contra la pobreza / _cPedro Juan Del Rosario, José Horacio López ; presentación Rafael Pérez Duvergé. |
| 260 |
_aSanto Domingo : _bCentenario, _c2007. |
||
| 300 |
_avi, 202 p. : _bil., retrs., diagr. ; _c23 cm. |
||
| 504 | _aIncluye referencias bibliográficas y notas al pie de las páginas | ||
| 504 | _aBibliografías : p. 188-202 | ||
| 650 | 4 |
_aPOBREZA _zREPÚBLICA DOMINICANA |
|
| 650 | 4 |
_aCAMPESINOS _zREPÚBLICA DOMINICANA |
|
| 650 | 4 |
_aMIGRACIÓN RURAL - URBANA _zREPÚBLICA DOMINICANA |
|
| 650 | 4 |
_aDESARROLLO RURAL _zREPÚBLICA DOMINICANA |
|
| 650 | 4 |
_aPOBREZA RURAL _zREPÚBLICA DOMINICANA |
|
| 700 | 1 | _aLópez, José Horacio | |
| 700 | 1 | _aPérez Duvergé, Rafael | |
| 910 | _aValidado. Control de calidad MFF | ||
| 930 | 1 |
_lBND01 _mLF1 _820101014 _f04 _pCT _g15032 |
|
| 942 |
_2ddc _cBK |
||
| 945 | _ainventariado, 2018 / dg | ||
| 956 |
_aJPARRA _b10 _c20090819 _lBND01 _h1107 |
||
| 956 |
_aBTAVAREZ _b10 _c20090821 _lBND01 _h0857 |
||
| 956 |
_aVMATEO _b10 _c20150427 _lBND01 _h00151 |
||
| 999 |
_c7711 _d7711 |
||